Meranie a riadenie výkonnosti podnikov automobilového priemyslu a stavebníctva

Postavenie automobilového priemyslu a stavebníctva v štruktúre slovenskej ekonomiky. Objem tržieb priemyselnej výroby SR a odvetvia výroby dopravných prostriedkov, ako aj podiel výroby dopravných prostriedkov na tržbách priemyselnej výroby SR. Podiel automobilového priemyslu na pridanej hodnote v pe...

Descrizione completa

Salvato in:
Dettagli Bibliografici
Autore principale: Majdúchová, Helena, 1963-
Natura: Capitolo di libro
Lingua:slovacco
Soggetti:
Tags: Aggiungi Tag
Nessun Tag, puoi essere il primo ad aggiungerne!!

MARC

LEADER 00000nla a2200000 4500
001 0185297
005 20240522094055.7
041 0 |a slo 
044 |a SK 
245 1 0 |a Meranie a riadenie výkonnosti podnikov automobilového priemyslu a stavebníctva  |c Helena Majdúchová 
520 |a Postavenie automobilového priemyslu a stavebníctva v štruktúre slovenskej ekonomiky. Objem tržieb priemyselnej výroby SR a odvetvia výroby dopravných prostriedkov, ako aj podiel výroby dopravných prostriedkov na tržbách priemyselnej výroby SR. Podiel automobilového priemyslu na pridanej hodnote v percentách. Vývoj podielu stavebníctva na tvorbe HDP a zamestnanosti. Výsledky hodnotenia výkonnosti podnikov automobilového priemyslu a stavebníctva. Hodnoty vybraných ukazovateľov finančnej analýzy. Prijaté opatrenia v podnikoch automobilového priemyslu a stavebníctva. Vývoj HDP a predaja automobilov. 
610 2 0 |a priemysel automobilový 
610 2 0 |a stavebníctvo 
610 2 0 |a výkonnosť podniku 
610 2 0 |a produkt domáci hrubý 
610 2 0 |a hodnota pridaná 
610 2 0 |a zamestnanosť 
610 2 0 |a Slovensko 
100 1 |a Majdúchová, Helena, 1963-